Plusy a mínusy stavebného sporenia prijmite rady finančného poradcu (5)

Analýza a porovnanie produktov v oblasti stavebného sporenia na Slovensku. Stavebné sporiteľne. Stavebné sporenie ako investícia. Stavebné sporenie ako úver. Odlišnosti v oblasti úverových limitov bez zriadenia záložného práva vo VÚB Wüstenrot alebo v Prvej stavebnej sporiteľni.

Gespeichert in:
Bibliographische Detailangaben
1. Verfasser: Kelenyei, Henrich
Format: Buchkapitel
Sprache:Slowakisch
Schlagworte:
Tags: Tag hinzufügen
Keine Tags, Fügen Sie das erste Tag hinzu!

MARC

LEADER 00000naa a2200000 4500
001 r038698
005 20230809073753.3
041 0 |a slo 
044 |a SK 
245 1 0 |a Plusy a mínusy stavebného sporenia  |b prijmite rady finančného poradcu (5)  |c Henrich Kelenyei 
520 |a Analýza a porovnanie produktov v oblasti stavebného sporenia na Slovensku. Stavebné sporiteľne. Stavebné sporenie ako investícia. Stavebné sporenie ako úver. Odlišnosti v oblasti úverových limitov bez zriadenia záložného práva vo VÚB Wüstenrot alebo v Prvej stavebnej sporiteľni. 
610 2 0 |a sporiteľne stavebné 
610 2 0 |a sporenie stavebné 
610 2 0 |a produkty 
610 2 0 |a úver stavebný 
610 2 0 |a úrok 
610 2 0 |a VÚB Wüstenrot 
610 2 0 |a Prvá stavebná sporiteľňa, a.s. Bratislava 
100 1 |a Kelenyei, Henrich